Knižnica algoritmov : z 3. sympózia Algoritmy vo výpočtovej technike. III. diel

Jazyk: Slovenština
Čeština
Vydáno: Bratislava : Slovenská vedeckotechnická spoločnosť, 1975
Vydání: Vyd. 1.
Témata:
Fyzický popis: 412 s.
Knihy
Uloženo v:
LEADER 00707nam a22002172a 4500
001 001673097
003 CZ BrMZK
005 20190416135345.0
007 ta
008 190311s1975 xo er|||||||||||slo d
040 |a BOA001  |b cze  |e aacr2 
041 0 |a slo  |a cze 
080 9 |a 004.4 
245 0 0 |a Knižnica algoritmov :  |b z 3. sympózia Algoritmy vo výpočtovej technike.  |n III. diel 
250 |a Vyd. 1. 
260 |a Bratislava :  |b Slovenská vedeckotechnická spoločnosť,  |c 1975 
300 |a 412 s. 
650 0 7 |a algoritmy (programování)  |7 ph131788  |2 czenas 
910 |a BOA001  |b TK-A-0182.942,3 
990 |a BK 
996 7 |b 2629953649  |c TK-A-0182.942  |l MZK  |r Sklad / do 24 hodin  |n 1  |w 001712260  |u 000010  |a 1  |e BOA001  |j MZK50  |s A